<?xml version="1.0" encoding="UTF-8"?>
<record
    xmlns:xsi="http://www.w3.org/2001/XMLSchema-instance"
    xsi:schemaLocation="http://www.loc.gov/MARC21/slim http://www.loc.gov/standards/marcxml/schema/MARC21slim.xsd"
    xmlns="http://www.loc.gov/MARC21/slim">

  <leader>00316nam a22001097a 4500</leader>
  <controlfield tag="008">230605b        xxu||||| |||| 00| 0 eng d</controlfield>
  <datafield tag="082" ind1=" " ind2=" ">
    <subfield code="a">328.775</subfield>
    <subfield code="b">W819</subfield>
  </datafield>
  <datafield tag="110" ind1=" " ind2=" ">
    <subfield code="b">Joint committee on Legislative Organization</subfield>
    <subfield code="c">Wisconsin Legislature</subfield>
  </datafield>
  <datafield tag="245" ind1=" " ind2=" ">
    <subfield code="a">State of Wiscoin Blue Book</subfield>
    <subfield code="b">2009-2010</subfield>
  </datafield>
  <datafield tag="300" ind1=" " ind2=" ">
    <subfield code="a">980p</subfield>
  </datafield>
  <datafield tag="942" ind1=" " ind2=" ">
    <subfield code="2">ddc</subfield>
    <subfield code="c">BK</subfield>
  </datafield>
  <datafield tag="999" ind1=" " ind2=" ">
    <subfield code="c">264</subfield>
    <subfield code="d">264</subfield>
  </datafield>
  <datafield tag="952" ind1=" " ind2=" ">
    <subfield code="0">0</subfield>
    <subfield code="1">0</subfield>
    <subfield code="2">ddc</subfield>
    <subfield code="4">0</subfield>
    <subfield code="7">0</subfield>
    <subfield code="a">001</subfield>
    <subfield code="b">001</subfield>
    <subfield code="d">2023-06-05</subfield>
    <subfield code="l">0</subfield>
    <subfield code="o">328.775 W819</subfield>
    <subfield code="p">10015456</subfield>
    <subfield code="r">2023-06-05</subfield>
    <subfield code="w">2023-06-05</subfield>
    <subfield code="y">BK</subfield>
  </datafield>
  <datafield tag="952" ind1=" " ind2=" ">
    <subfield code="0">0</subfield>
    <subfield code="1">0</subfield>
    <subfield code="2">ddc</subfield>
    <subfield code="4">0</subfield>
    <subfield code="7">0</subfield>
    <subfield code="a">001</subfield>
    <subfield code="b">001</subfield>
    <subfield code="d">2023-06-05</subfield>
    <subfield code="l">0</subfield>
    <subfield code="o">328.775 W819</subfield>
    <subfield code="p">10014762</subfield>
    <subfield code="r">2023-06-05</subfield>
    <subfield code="w">2023-06-05</subfield>
    <subfield code="y">BK</subfield>
  </datafield>
</record>
